000 00328nam a22001217a 4500
082 _a651.74 MEH'E
100 _aMEHTA, R. J
_980761
245 _aEFFECTIVE BUSINESS LETTER A MODERN GUIDE TO CORRECT COMMERCIAL CORROESSPONDENCE
250 _a34TH
260 _aBOMBAY
_bD. B. TARAPOREVALAN
_c1963
300 _a211P
942 _cBK
999 _c585648
_d585648